Statistics for Cities with tallest buildings in Scandinavia above 100m.

Click here to take the quiz!

General Stats

  • This quiz has been taken 13 times
  • The average score is 18 of 19

Answer Stats

Building;Country;City;% Correct
19Nordbro (100m)DenmarkCopenhagen
100%
18Bohrs Tarn (100m)DenmarkCopenhagen
100%
5Pasteurs Tarn (120m)DenmarkCopenhagen
100%
6Amtssygehuset i Herlev (117m)DenmarkCopenhagen
100%
15Domus Vista (104m)DenmarkCopenhagen
100%
13Postgirobygget (110m)NorwayOslo
100%
9Blu Radisson Plaza (117m)NorwayOslo
100%
4Norra Tornen (125m)SwedenStockholm
100%
7Kista Torn (120m)SwedenStockholm
100%
8Kista Science Tower (117m)SwedenStockholm
100%
16Sthlm 01 (102m)SwedenStockholm
100%
11Norra Tornen (110m)SwedenStockholm
100%
1Turning Torso (190m)SwedenMalmo
92%
12Point Hyllie (110m)SwedenMalmo
92%
3Lighthouse (142m)DenmarkAarhus
85%
14Hotel Draken (104m)SwedenGothenburg
85%
2Citygate (144m)SwedenGothenburg
85%
17Gothia East Tower (100m)SwedenGothenburg
85%
10Kineum (110m)SwedenGothenburg
85%

Score Distribution

Percentile by Number Answered

Percent of People with Each Score

Your Score History

You have not taken this quiz